Normal view
MARC view
Entry Personal Name
001 - CONTROL NUMBER
- control field: 3397
003 - CONTROL NUMBER IDENTIFIER
- control field: ARRUPE
005 - DATE AND TIME OF LATEST TRANSACTION
- control field: 20131106143948.0
008 - FIXED-LENGTH DATA ELEMENTS
- fixed length control field: 131106|| aca||aabn | a|a d
040 ## - CATALOGING SOURCE
- Original cataloging agency: ARRUPE
- Transcribing agency: ARRUPE
100 ## - HEADING--PERSONAL NAME
- Personal name: White, Patrick,
- Dates associated with a name: 1912-1990.
670 ## - SOURCE DATA FOUND
- Source citation: Work cat.: (ARRUPE)0: White, Patrick, 1912-1990., The aunt's story., [1962]